000 00588nam a2200241 a 4500
001 nice12345678
003 IN_TiNIC
005 20260116014806.0
008 050524s2010 jaia grp 000 0 eng
020 _a9788183762595
_c750
082 0 0 _a923.2
_bSIN
100 _aSingh, Prem
245 _aGandhi`s Vision of World Order
260 _aJaipur
_bABD Pub
_c2010
300 _a256p
500 _aincludes index and biblioraphy
505 2 _abiblio, index
650 _aGandhi M K-Philosophy
700 1 _aSingh, Prem
902 _bSRS
942 _cBK
999 _c16992
_d16992